Pevné disky od A do Z
Na minha lista:
| Autor principal: | |
|---|---|
| Outros Autores: | |
| Formato: | Livro |
| Idioma: | tcheco |
| Publicado em: |
Praha
Grada
1992
|
| Edição: | 1. vyd. |
| Assuntos: | |
| Tags: |
Sem tags, seja o primeiro a adicionar uma tag!
|
MARC
| LEADER | 00000nam a2200000 4500 | ||
|---|---|---|---|
| 001 | c005790 | ||
| 005 | 20221214090259.7 | ||
| 020 | |a 80-85623-35-8 | ||
| 041 | 0 | |a cze | |
| 044 | |a CZ | ||
| 245 | 1 | 0 | |a Pevné disky od A do Z |c Mark Minasi ; Prekl. Jana Valíčková |
| 250 | |a 1. vyd. | ||
| 264 | 1 | |a Praha |b Grada |c 1992 | |
| 300 | |a 471 s. | ||
| 610 | 2 | 0 | |a počítače |
| 610 | 2 | 0 | |a hardvér |
| 610 | 2 | 0 | |a systémy operačné |
| 610 | 2 | 0 | |a ochrana dát |
| 100 | 1 | |a Minasi, Mark | |
| 700 | 1 | |a Valíčková, Jana | |